Biblioteca

Dublineses (Registro nro. 68011)

Detalles MARC
000 -LÍDER
Campo fijo de descripción fija 01558nam a2200193 i 4500
001 - NÚMERO DE CONTROL
Campo de control 768714001
003 - IDENTIFICADOR DEL NÚMERO DE CONTROL
Campo de control CO-MdFUSB
005 - FECHA Y HORA DE LA ULTIMA TRANSACCIÓN
control field 20220726153434.0
008 - ELEMENTOS DE LONGITUD FIJA -- INFORMACIÓN GENERAL
Campo fijo de descripción fija -- Información general 220726t1984 ck |||| |||| 00| 0 spa d
040 ## - FUENTE DE CATALOGACIÓN
Idioma de catalogación spa
Agencia que realiza la transcripción CO-MdFUSB
Agencia que realiza la modificación CO-MdFUSB
041 ## - CÓDIGO DE IDIOMA
Código de idioma para texto/pista de sonido o título separado spa
100 ## - ASIENTO PRINCIPAL--NOMBRE PERSONAL
Nombre personal Joyce, James
Término relacionador autor
245 ## - TÍTULO
Título Dublineses
Mención de responsabilidad / James Joyce
300 ## - DESCRIPCIÓN FÍSICA
Extensión Volumen 12, (1984) páginas 1 -130 ;
Dimensiones 22 cm.
520 ## - NOTA DE RESUMEN, ETC.
Nota de sumario, etc. Cada una de las historias de Dublineses ofrece una breve visión de la vida íntima de una amplia gama de personajes, la mayoría de los cuales no tiene nada en común excepto su origen irlandés y estar presente en la ciudad Dublín. Hombres y mujeres de todas las edades, profesiones y clases sociales están representados. Pero algunos temas y preocupaciones generales acaban surgiendo al mirar tamaña variedad de personajes, y como sirven como base para la estructura de la obra. Muchas veces son mostradas las diferentes maneras usadas por las personas para intentar escapar de la mediocridad y de la inercia, y los momentos de dolorosa autorrealización que frecuentemente se suceden a esos intentos. También son abordados los conflictos entre las generaciones y entre los vivos y los muertos; discusiones sobre religión, arte y política; el despertar del amor en los jóvenes y la vaga confusión de los viejos; y los efectos del abuso del alcohol en toda la ciudad.<br/><br/>
653 ## - TÉRMINO DE INDIZACIÓN - NO CONTROLADO
Término no controlado Literatura inglesa
773 0# - ASIENTO DE ITEM FUENTE
Biblionumber 67924
Itemnumber 81152
Asiento principal Oveja Negra,
Otro identificador del ítem 24702
Título Maestros de la literatura universal
Número de control del registro (CO-MdFUSB)768714001
International Standard Book Number 8482806718
942 ## - TIPO DE MATERIAL (KOHA)
Tipo de Item KOHA Libros General

No hay ítems disponibles.

Biblioteca FUSBC | Teléfono: (57+4) 349 88 10 Ext. 141| WhatsApp (+57) 3005338115 
E-mail: biblioteca@unisbc.edu.co | Calle 76 87-14 Robledo Palenque, Medellín, Colombia

Con tecnología Koha